000 00762nam a2200229Ia 4500
005 20250108124759.0
008 008 250107s9999 xx 000 0 hin d
020 _a978-81-85787-12-1
037 _aTB
040 _aCRL
_bhin
_cCRL
041 _ahin
_2hin
084 _aQ29K2 152P3
084 _qCRL
100 _aधर्मदास, अनु.
245 0 _aश्री तारतम सागर
_cधर्मदास, अनु.
260 _aजामनगर, भारत
_bनवतनपुरी धाम
_c2171
365 _aINR
_b25
490 _vभाग 1
650 _aहिन्दी कविताभारतीय साहित्य
_9729733
942 _cTB
_hQ29K2 152P3
999 _c1234559
_d1234559